| Tag |
First Indicator |
Second Indicator |
Subfields |
| LEADER |
00000cam a2200000 i 4500 |
| 001 |
in00003461639 |
| 005 |
20140908160002.0 |
| 008 |
140502s2014 vaua b s001 0 eng |
| 010 |
|
|
|a 2013049975
|
| 035 |
|
|
|a (OCoLC)ocn879369030
|
| 040 |
|
|
|a DLC
|e rda
|c DLC
|
| 020 |
|
|
|a 9780813935850 (cloth : acid-free paper)
|
| 020 |
|
|
|a 0813935857 (cloth : acid-free paper)
|
| 020 |
|
|
|z 9780813935867 (e-book)
|
| 043 |
|
|
|a n-us---
|a s-bl---
|
| 050 |
0 |
0 |
|a E540.N3
|b I93 2014
|
| 082 |
0 |
0 |
|a 973.7/415
|2 23
|
| 049 |
|
|
|a TXAM
|
| 100 |
1 |
|
|a Izecksohn, Vitor,
|e author.
|
| 245 |
1 |
0 |
|a Slavery and war in the Americas :
|b race, citizenship, and state building in the United States and Brazil, 1861-1870 /
|c Vitor Izecksohn.
|
| 264 |
|
1 |
|a Charlottesville :
|b University of Virginia Press,
|c 2014.
|
| 300 |
|
|
|a xi, 251 pages ;
|c 24 cm.
|
| 336 |
|
|
|a text
|b txt
|2 rdacontent
|
| 337 |
|
|
|a unmediated
|b n
|2 rdamedia
|
| 338 |
|
|
|a volume
|b nc
|2 rdacarrier
|
| 490 |
1 |
|
|a A nation divided : studies in the Civil War era
|
| 504 |
|
|
|a Includes bibliographical references and index.
|
| 505 |
0 |
|
|a Military traditions confront mass mobilization in the United States and Brazil -- The crisis of the American recruitment system : Union Army recruitment, April 1861-July 1863 -- From inertia to insurgence : the crisis in Brazilian recruitment, 1865-1868 -- Forged in inequality : the recruitment of Black soldiers in the United States, September 1862-April 1865 -- Manumitting and enlisting the slaves in Brazil, December 1866-August 1868 -- Conclusion: Processes, effects, distortions.
|
| 520 |
|
|
|a This book compares the U.S. Civil War to the Paraguayan War of 1864-70, particularly with regard to the wars' impact on state-building and race relations.
|
| 651 |
|
0 |
|a United States
|x History
|y Civil War, 1861-1865
|x African Americans.
|
| 650 |
|
0 |
|a Paraguayan War, 1865-1870
|x Blacks.
|
| 651 |
|
0 |
|a Brazil
|x History, Military
|y 19th century.
|
| 651 |
|
0 |
|a United States
|x Race relations
|x Political aspects
|x History
|y 19th century.
|
| 651 |
|
0 |
|a Brazil
|x Race relations
|x Political aspects
|x History
|y 19th century.
|
| 650 |
|
0 |
|a Nation-building
|x History
|y 19th century.
|
| 650 |
|
0 |
|a Slavery
|x Political aspects
|x History
|y 19th century.
|
| 650 |
|
0 |
|a Soldiers, Black
|x History
|y 19th century.
|
| 650 |
|
0 |
|a Recruiting and enlistment
|x History
|y 19th century.
|
| 650 |
|
0 |
|a Citizenship
|x History
|y 19th century.
|
| 830 |
|
0 |
|a Nation divided.
|
| 945 |
|
|
|a PromptCat
|
| 946 |
|
|
|a stk
|
| 947 |
|
|
|a A14840381087
|
| 948 |
|
|
|a cataloged
|b h
|c 2014/9/8
|d c
|e dmitchel
|f 4:00:00 pm
|
| 994 |
|
|
|a 92
|b TXA
|
| 999 |
f |
f |
|s 50fd99ff-3863-35ae-a7b2-3248d09e5621
|i ec238dce-c6ec-3d0b-ab29-fa6224456d28
|t 0
|
| 952 |
f |
f |
|p normal
|a Texas A&M University
|b College Station
|c Sterling C. Evans Library
|d Evans: Library Stacks
|t 0
|e E540.B53 I93 2014
|h Library of Congress classification
|i unmediated -- volume
|m A14840381087
|
| 998 |
f |
f |
|a E540.B53 I93 2014
|t 0
|l Evans: Library Stacks
|